Nombre 11 - Culture générale - Statistiques

Statistiques générales
  • Ce quiz a été pris 3 177 fois
  • Le résultat moyen est 10 sur 15
Statistiques - réponses
Indice Réponse % Correct
Sport le plus populaire se jouant à 11 Football
98%
Date de l'armistice de la Première Guerre mondiale {11} {Novembre} {1918}
92%
Principal bâtiment touché par les attentats du 11 septembre 2001 World Trade Center
92%
Mission spatiale au cours de laquelle l'humain a marché pour la première fois sur la Lune Apollo 11
83%
Système d'exploitation développé par Microsoft dont la dernière version est la 11 Windows
81%
Sport dans lequel un set se joue en 11 points Tennis de table
80%
Pays ayant le plus de fuseaux horaires contigus, c'est à dire 11 Russie
79%
Série de science-fiction dont l'une des personnages principaux se nomme Eleven (ou Onze) Stranger Things
74%
En France, 11 sont obligatoires pour les enfants de moins de 13 ans, pour 1 seul en Belgique et 0 en Suisse vaccins
64%
Film narrant l'histoire de 11 voleurs cambriolant un casino de Las Vegas Ocean's Eleven
63%
Un des 3 seuls films à avoir remporté 11 Oscars avec Le Seigneur des anneaux : Le Retour du roi et Ben-Hur Titanic
55%
Enseigne de commerces de proximité la plus présente dans le monde 7-Eleven
49%
11 israéliens sont assassinés dans cette ville lors des Jeux Olympiques de 1972 Munich
43%
Le cube possède 11 de ces figures géométriques planes en un seul morceau qui permettent de le reconstituer après plusieurs pliages Patron
17%
Application génératrice de voix par IA qui s'appuie sur la technologie de synthèse vocale ElevenLabs
3%
Aucun quiz correspondant
Distribution des résultats
% des personnes avec chaque résultat
Percentile par nombre de réponses
Votre historique - résultats
Vous n’avez pas pris ce quiz